एक झाड आणि दोन पक्षी (Record no. 365171)

MARC details
000 -LEADER
fixed length control field 00376 a2200145 4500
005 - DATE AND TIME OF LATEST TRANSACTION
control field 20250530153929.0
008 - FIXED-LENGTH DATA ELEMENTS--GENERAL INFORMATION
fixed length control field 250530b |||||||| |||| 00| 0 eng d
020 ## - INTERNATIONAL STANDARD BOOK NUMBER
International Standard Book Number 9788171853038
041 ## - LANGUAGE CODE
Language code of text/sound track or separate title Marathi
100 ## - MAIN ENTRY--PERSONAL NAME
Author Bedekar V.
245 ## - TITLE STATEMENT
Title एक झाड आणि दोन पक्षी
260 ## - PUBLICATION, DISTRIBUTION, ETC.
Name of publisher, distributor, etc. Popular Prakashan
Date of publication, distribution, etc. 2012
300 ## - PHYSICAL DESCRIPTION
Extent 315
942 ## - ADDED ENTRY ELEMENTS (KOHA)
Koha item type Books
Holdings
Withdrawn status Lost status Source of classification or shelving scheme Damaged status Not for loan Home library Current library Date acquired Vendor Net Price Total Checkouts Full call number Barcode Date last seen Date last checked out Actual Price Bill Date Koha item type
    Dewey Decimal Classification     Cummins College of Engineering for Women Pune Cummins College of Engineering for Women Pune 20/02/2025 63 380.00 3 891.463 BED CCEP-BK-68239 17/12/2025 15/12/2025 475.00 20/02/2025 Books